[Event "Interzonal-16"]
[Site "Biel"]
[Date "1993.??.??"]
[Round "9"]
[White "Lima, Darcy Gustavo Macha"]
[Black "Malisauskas, Vidmantas"]
[Result "1/2-1/2"]
[WhiteElo "2475"]
[BlackElo "2540"]
[Annotator "Ftacnik,L"]
[PlyCount "58"]
[EventDate "1993.07.16"]
[EventType "swiss"]
[EventRounds "13"]
[EventCountry "SUI"]
[SourceTitle "CBM 037"]
[Source "ChessBase"]
[SourceDate "1993.12.01"]
[SourceVersion "1"]
[SourceVersionDate "1993.12.01"]
[SourceQuality "1"]

1. d4 Nf6 2. c4 g6 3. Nc3 d5 4. Nf3 Bg7 5. Qb3 dxc4 6. Qxc4 O-O 7. e4 Nc6 8.
Be3 $5 Ng4 $5 (8... Bg4) 9. O-O-O Nxe3 10. fxe3 Bh6 $6 (10... e5 $1) 11. d5
Bxe3+ 12. Kb1 Nb8 $8 (12... Na5 13. Qa4 $16) 13. h4 $5 (13. e5 $142 Bf5+ 14.
Bd3 Bxd3+ 15. Rxd3 Bh6 16. h4 $40) 13... h5 $8 14. e5 Bg4 15. Bd3 Bh6 16. e6 f5
$8 17. Rde1 (17. Ne5 $5 Bxd1 18. Nf7 Rxf7 19. exf7+ Kg7 20. Rxd1 $44 {><e6})
17... Bg7 (17... Bxf3 18. gxf3 $16 {<->g, ><g6}) 18. Nh2 $1 c6 19. Nxg4 hxg4
20. h5 cxd5 21. Nxd5 $2 (21. Qf4 $1 Nc6 (21... Qb6 22. Nb5 $1 a6 23. hxg6 axb5
24. Rh8+ $1 $18) 22. hxg6 Qb8 23. Qg5 Qg3 (23... Rf6 24. Rh7 $18 {/\ Reh1}) 24.
Bxf5 $18 {/\} Bxc3 25. g7 Bxg7 26. Rh8+) 21... Na6 $8 (21... Nc6 $2 22. hxg6 {
/\ Qc5 ><e7}) 22. hxg6 Qd6 $1 $8 {פd5, f4} (22... Rc8 $2 23. Qxc8 $18) 23. Rd1
(23. Rh7 Rac8 24. Rxg7+ Kxg7 25. Qd4+ Rf6 26. Rh1 Rh8) 23... Rac8 $1 (23...
Rfc8 {><f8} 24. Qf4 Qxf4 $14 (24... Qxd5 25. Bxa6 Qc6 (25... Qxg2 $2 26. Rh2
Qc6 27. Rdh1 $18) 26. Bc4 $14)) 24. Qf4 Qxd5 (24... Qxf4 $2 25. Nxe7#) 25. Rh8+
(25. Bxa6 $2 Qe4+ $1 26. Qxe4 fxe4 $17 {<->f, <->a2-h2}) 25... Bxh8 (25... Kxh8
$4 26. Qh2+ Kg8 27. Qh7#) 26. Qh6 Rc1+ $3 $8 27. Rxc1 $8 (27. Kxc1 Rc8+ 28. Kb1
(28. Bc2 Rxc2+ $19) 28... Bg7 $19) 27... Qxd3+ 28. Rc2 (28. Ka1 Bxb2+ $1 $19)
28... Qd1+ 29. Rc1 Qd3+ (29... Qxc1+ 30. Kxc1 Rc8+ 31. Kd1 Bg7 32. Qg5 $1 Kf8 (
32... Bf6 33. Qh6 $10) (32... Rc7 33. Qxf5 Bf6 34. Qh5 Bg7 (34... Kf8 35. Qh6+
Bg7 36. Qf4+ Bf6 37. Qh6+ $10) 35. Qf5 $10) 33. Qxf5+ Bf6 34. g7+ Kxg7 35.
Qxg4+ Kh6 (35... Kf8 $4 36. Qg6 $18) 36. Qh3+ Kg5 37. Qg3+ Kf5 38. Qf3+ Ke5 (
38... Kxe6 $4 39. Qh3+ $18) 39. Qxb7 $13) 1/2-1/2

[Event "Olympiad-34"]
[Site "Istanbul"]
[Date "2000.10.31"]
[Round "4.1"]
[White "Kozul, Zdenko"]
[Black "Clavijo, Jorge Mario"]
[Result "1-0"]
[WhiteElo "2611"]
[BlackElo "2414"]
[Annotator "Ftacnik,L"]
[PlyCount "105"]
[EventDate "2000.10.28"]
[EventType "team-swiss"]
[EventRounds "14"]
[EventCountry "TUR"]
[SourceTitle "EXT 2001"]
[Source "ChessBase"]
[SourceDate "2000.11.22"]
[SourceVersion "1"]
[SourceVersionDate "2000.11.22"]
[SourceQuality "1"]
[WhiteTeam "Croatia"]
[BlackTeam "Columbia"]
[WhiteTeamCountry "CRO"]
[BlackTeamCountry "COL"]

1. d4 Nf6 2. c4 g6 3. Nc3 d5 4. Nf3 Bg7 5. Qb3 dxc4 6. Qxc4 O-O 7. e4 Na6 8.
Be2 c5 9. d5 e6 10. O-O exd5 11. exd5 Bf5 12. Be3 Re8 13. Rad1 Qb6 14. Qb5 Rad8
15. Rd2 Rxe3 $5 {[%mdl 4] The typical sacrifice in this variation, black wins
chances for some real counterplay.} 16. fxe3 Bh6 17. e4 (17. Qxb6 Bxe3+ 18. Kh1
axb6 19. Rdd1 Ng4 20. Nh4 Nf2+ 21. Rxf2 Bxf2 22. Nxf5 gxf5 23. Rf1 Bd4 24. Rxf5
Nb4 25. Bc4 $14) 17... Nxe4 (17... Bxd2 $2 18. Nxd2 Qxb5 19. Bxb5 $18) (17...
Bxe4 $5 18. Qxb6 axb6 19. Rdd1 (19. Nxe4 Nxe4 20. Rdd1 Be3+ 21. Kh1 Nf2+ 22.
Rxf2 Bxf2 23. d6 Nb8 $11) 19... Bc2 20. Rde1 Nb4 21. Bc4 (21. Ne5 Be3+ 22. Kh1
Bd2 23. Ra1 Kg7 24. Bf3 Re8 25. Nc4 Bxc3 26. bxc3 Nbxd5 $13) 21... Bd3 22. Bxd3
Nxd3 23. Re7 Nxd5 24. Nxd5 Rxd5 25. b3 b5 26. Rxb7 c4 $11) 18. Nxe4 Bxe4 19.
Qxb6 axb6 20. Rdd1 Nb4 (20... Be3+ 21. Kh1 Bxd5 22. Bc4 Nc7 23. Bxd5 Rxd5 24.
Rxd5 Nxd5 25. Rd1 $14) (20... Rxd5 21. Bc4 Be3+ 22. Kh1 Rxd1 23. Rxd1 $14) 21.
Ne5 f5 (21... Bxd5 22. Nxf7 (22. a3 Re8 23. Ng4 Rxe2 24. Nxh6+ Kg7 25. Rf2 Rxf2
26. Kxf2 Bb3 27. Rd6 $14) 22... Be3+ 23. Kh1 Rd7 24. Ne5 Re7 $11) (21... Bc2
22. Nxf7 Be3+ 23. Kh1 Rf8 24. d6 (24. Ne5 Bxd1 25. Rxd1 Bd4 26. Nf3 Bxb2 $11)
24... Bxd1 25. Bxd1 $16) 22. d6 Nd5 $6 {Black was doing fine, but finding the
best way in the jungle of variations was not easy.} (22... Be3+ 23. Kh1 Bd4 24.
Nf3 (24. Bc4+ Kg7 25. Nf7 Rd7 26. Ng5 Nc2 $15) 24... Rxd6 25. Nxd4 cxd4 26. Rd2
$13) 23. Bc4 Be3+ (23... Rxd6 24. Rfe1 b5 25. Rxe4 bxc4 26. Nxc4 $16) 24. Kh1
Rxd6 25. Rfe1 Bd4 (25... b5 26. Bxd5+ Bxd5 27. Rxe3 Bxg2+ 28. Kxg2 Rxd1 $14)
26. Nf3 Bxf3 $6 {After this second rate move white finally enjoys excellent
chances in the endgame.} (26... b5 $1 27. Bxb5 Nf4 $13) 27. gxf3 Kf8 (27... b5
28. Bxb5 Kf7 29. Bc4 Kf6 30. Bxd5 Rxd5 31. a4 $14) 28. Bxd5 Rxd5 29. Re6 b5 (
29... Re5 30. Rxe5 Bxe5 31. Rd7 Bxb2 32. Rxb7 c4 33. Rxb6 c3 34. Rc6 $18) 30.
b4 $1 cxb4 (30... b6 31. Rxb6 c4 (31... cxb4 32. f4 Bxb6 33. Rxd5 Bc7 34. Rd4
b3 35. axb3 Ke7) 32. a3 g5 33. Rxb5 Rxb5 34. Rxd4 $16) 31. Re2 $1 Re5 $8 32.
Rxe5 Bxe5 33. Rd7 {[%mdl 4096] Black will lose two of his extra pawns and then
the material plus is clearly on Kozul's side. The position is technically won.}
h6 (33... b6 34. Rxh7 Bg7 35. f4 Kg8 36. Rh3 $16) 34. Rxb7 Bf6 35. Kg2 Be7 36.
Rxb5 Kf7 (36... Bd6 37. Rb7 $16) 37. Rb6 Bc5 38. Rc6 Bf8 39. Kf2 h5 40. f4 (40.
Ke3 g5 41. Kd4 Bg7+ 42. Kd5 $16) 40... Be7 41. Ke3 h4 (41... Bf6 42. Kd3 $16)
42. Kd4 Bf8 43. Kd5 Bh6 44. Rc4 Bf8 45. Rc7+ Kf6 (45... Be7 46. Ke5 h3 47. Ra7
$18) 46. Rb7 Be7 47. Rb6+ Kg7 (47... Kf7 48. Ke5 $18) 48. Ke6 Bc5 49. Rb5 Bf8
50. h3 Kh6 51. Rb8 Bc5 52. Kf7 Kh7 53. Rg8 1-0

[Event "MK Cafe Cup-A"]
[Site "Koszalin"]
[Date "1999.08.12"]
[Round "9"]
[White "Gyimesi, Zoltan"]
[Black "Jaracz, Pawel"]
[Result "1/2-1/2"]
[WhiteElo "2531"]
[BlackElo "2477"]
[Annotator "Ftacnik,L"]
[PlyCount "60"]
[EventDate "1999.08.03"]
[EventType "swiss"]
[EventRounds "9"]
[EventCountry "POL"]
[SourceTitle "CBM 073"]
[Source "ChessBase"]
[SourceDate "1999.12.01"]
[SourceVersion "1"]
[SourceVersionDate "1999.12.01"]
[SourceQuality "1"]

1. d4 Nf6 2. c4 g6 3. Nc3 d5 4. Nf3 Bg7 5. Qb3 dxc4 6. Qxc4 O-O 7. e4 Na6 8.
Be2 c5 9. d5 e6 10. O-O exd5 11. exd5 Bf5 12. Be3 Qb6 13. b3 Rfe8 14. Rad1 Rxe3
15. fxe3 Ng4 16. Na4 Qd6 (16... Qa5 17. e4 Ne3 18. Qc1 Nxd1 19. exf5 Nc3 20.
Nxc3 Qxc3 21. Qxc3 Bxc3 22. Rc1 Ba5 23. Bxa6 bxa6 24. Ne5 {1-0 Gyimesi,Z-Kalod,
R/Pardubice/1998/ (57)}) 17. Qf4 Qxf4 18. exf4 Nb4 19. a3 $5 {Black has very
nice light pieces, but does he really posses enough compensation for an
exchange?} (19. Rd2 Ne3 20. Rc1 Nbxd5 21. Bd3 Nxf4 22. Bxf5 Nxf5 23. Nxc5 Bh6
24. Re1 Ne6 {1/2-1/2 Farago,I-Kozul,Z/Montpellier/1989/ (41)}) 19... Nc2 (19...
Na2 20. Rd2 Nc3 21. Nxc5 $18) 20. Rd2 (20. Nxc5 Nge3 21. Nxb7 Nxf1 22. Bxf1 Ne3
23. Re1 Nxd5 $132) 20... b6 (20... Nge3 21. Rc1 Rd8 22. Bd3 Rxd5 23. Bxf5 Rxd2
24. Nxd2 gxf5 25. Nxc5 Bb2 26. Rb1 Bxa3 27. Nxb7 $18) 21. Bd3 (21. h3 Nf6 (
21... Nge3 22. Rc1 Nxa3 23. Kf2 Re8 24. d6 Nac2 25. g4 $18) 22. g4 Be4 23. d6
Nxa3 24. Nc3 $16) 21... Bxd3 22. Rxd3 Nxa3 23. Re1 (23. h3 Nf6) 23... Nb5 (
23... c4 24. bxc4 Nxc4 25. Nd2 b5 26. h3 Nf6 27. Nc3 Nb2 28. Rde3 a5 29. Nxb5
Nxd5 30. Re8+ Rxe8 31. Rxe8+ Bf8 32. g3 $14) 24. Re7 Bf8 25. Rb7 $6 {The
courageous rook will become virtually trapped on the seventh rank. Gyimesi
would keep better chances with more modest move 25.Re2.} (25. Re2 $16) 25...
Nf6 26. Ne5 (26. f5 Nd6 27. Rc7 Nxf5 $14) 26... Nd6 27. Rc7 Nfe8 28. Rd7 (28.
Rc6 $5 f6 29. Nf3 Rd8 $14) 28... Nf6 29. Rc7 Nfe8 30. Rd7 Nf6 1/2-1/2

[Event "Dos Hermanas 10th"]
[Site "Dos Hermanas"]
[Date "1999.04.09"]
[Round "3"]
[White "Karpov, Anatoly"]
[Black "Svidler, Peter"]
[Result "1-0"]
[WhiteElo "2710"]
[BlackElo "2713"]
[Annotator "Ftacnik,L"]
[PlyCount "97"]
[EventDate "1999.04.06"]
[EventType "tourn"]
[EventRounds "9"]
[EventCountry "ESP"]
[EventCategory "19"]
[SourceTitle "CBM 071"]
[Source "ChessBase"]
[SourceDate "1999.08.01"]
[SourceVersion "1"]
[SourceVersionDate "1999.08.01"]
[SourceQuality "1"]

1. d4 {Hecht,Hj} Nf6 2. c4 g6 3. Nc3 d5 4. Nf3 Bg7 5. Qb3 dxc4 6. Qxc4 O-O 7.
e4 a6 8. e5 b5 9. Qb3 Nfd7 10. e6 fxe6 11. Be3 Nf6 {Very topical position,
black knight hopes to slow down the attack on the kingside.} (11... Nb6 12. h4
Nd5 (12... Nc6 13. h5 Rxf3 14. gxf3 Nxd4 15. Rd1 c5 16. Bxd4 cxd4 17. hxg6 h6
18. Rh5 Qe8 19. Ne2 Qxg6 20. Rh1 Kh8 21. Rg1 Qf7 22. Nxd4 {1-0 Kasparov,
G-Svidler,P/Wijk aan Zee/1999/ (31)}) 13. h5 Nxe3 14. fxe3 c5 15. hxg6 hxg6 16.
Qc2 e5 17. dxc5 Bf5 18. e4 Bg4 19. Be2 Bxf3 20. gxf3 Nc6 21. Qb3+ Rf7 22. Kf2
Nd4 23. Qd1 e6 {0-1 Levtchouk,G-Duong Thanh Nha/Quebec/ 1992/ (31)}) 12. a4
bxa4 13. Rxa4 Nc6 (13... Nd5 $5 14. Bc4 c6 15. h4 Nd7 16. h5 N7b6 17. hxg6 hxg6
18. Bd3 Nxa4 19. Qxa4 Qd6 20. Bxg6 Rxf3 21. Nxd5 exd5 22. Bh7+ Kf8 23. gxf3 Rb8
24. Qc2 Qb4+ 25. Kf1 Qc4+ 26. Qxc4 dxc4 {0-1 Piket,J-Shirov,A/Monte Carlo/1999/
(49)}) 14. Bc4 Rb8 (14... Qd6 $5 15. Ng5 Nd8 16. f3 $13 (16. Nce4 $6 Nxe4 17.
Nxe4 Qc6 18. f3 Rb8 19. Qxb8 Qxa4 $17)) 15. Bxe6+ Kh8 16. Qc4 (16. Qa2 $2 Nb4
17. Qc4 Bxe6 18. Qxe6 Nd3+ 19. Kf1 Rb6 $15) 16... Bxe6 (16... Nb4 17. Ng5 Nc2+
18. Kd1 Nxe3+ 19. fxe3 $36) 17. Qxe6 Qd6 {Svidler must have believed, that
with this move his pieces will win sufficient coordination for keeping the
balance.} 18. Ng5 (18. Qxd6 cxd6 19. Rxa6 Nb4 20. Ra7 Nc2+ 21. Ke2 Nxe3 22.
fxe3 Rxb2+ $11) 18... Rxb2 19. O-O (19. Nf7+ Rxf7 20. Qxf7 e5 $1 (20... Nb4 21.
O-O $16) 21. Bc1 Nd8 (21... Rc2 22. Ba3 Qd7 23. Qxd7 Nxd7 $13) 22. Qc4 Rc2 $40)
19... Nd8 20. Qh3 (20. Qxd6 cxd6 21. Rxa6 Ng4 $11) 20... Qd7 $6 (20... Qc6 21.
Ra3 Nf7 22. Ne6 $13) 21. Qxd7 Nxd7 22. Rxa6 $14 {[%mdl 4096] Karpov's
advantage is minimal, but black has to work hard for limiting the demage.} Nb6
(22... c5 $6 23. Na4 cxd4 24. Nxb2 dxe3 25. fxe3 Bxb2 26. Rxf8+ Nxf8 27. Ra8
Bf6 28. Rxd8 Bxg5 29. Rxf8+ Kg7 30. Rf3 $18) 23. h4 Rc2 (23... Nc4 24. Ra4 $14)
24. Nce4 h6 25. Nf3 Nc6 26. Raa1 Nb4 (26... Rd8 27. Rac1 Rxc1 28. Rxc1 Nxd4 29.
Nxd4 Bxd4 30. Bxh6 $14) 27. Rfc1 Rxc1+ (27... N6d5 28. Bd2 Kh7 $14) 28. Rxc1
N4d5 29. Nc5 {The defender must take care of many weak pawns: c7,e7 and h6.}
Rf6 (29... Nxe3 30. fxe3 Nd5 31. Ne6 Rf6 32. Nxg7 Kxg7 33. e4 $16) 30. Bd2 Rd6
31. Nb7 Rf6 (31... Rd7 $6 32. Ne5 Bxe5 33. dxe5 $16) 32. Ne5 Kh7 33. g3 $1 Rf8
34. Nc5 Ra8 35. Rc2 Rd8 (35... Ra1+ 36. Kg2 Rd1 37. Kf3 $14) 36. Kg2 Bxe5 $6 {
Svidler's patience was severely tested, but exhcanges of pieces only underline
the structural advantages of white position.} (36... Ra8 37. Ne6 Ra4 38. Nxg7
Kxg7 39. Rc6 $1 Nf6 40. Rxc7 Nbd5 41. Rc4 $16) (36... Rd6 $5 37. Kf3 Rf6+ 38.
Ke2 $14) 37. dxe5 Nd7 38. Nxd7 (38. Ne6 Rc8 39. Kf3 c5 40. Ke4 Nc7 41. Nxc7
Rxc7 $14) 38... Rxd7 39. Rc6 {Hecht,Hj: 'Turm und Läufer arbeiten hervorragend
zusammen und sind von besserer Qualität als die passiv stehenden schwarzen
Figuren. Zudem sind alle schwarzen Bauernschwächen unter Beschuß und das
wünschenswerte e6 ist verhindert.'} Nb6 (39... Rd8 40. Kf3 Rf8+ 41. Ke4 Rxf2
42. Kxd5 Rxd2+ 43. Ke6 g5 44. Kxe7 $16) (39... h5 {Hecht,Hj} 40. Kf3 Kg7 41.
Ke4 Rd8 42. Bg5 Rd7 43. e6 Rd8 44. Rc5 $18) 40. Bc1 Rd5 (40... Nd5 41. h5 g5
42. f4 gxf4 43. Bxf4 Nxf4+ 44. gxf4 $16) 41. Re6 Nc8 (41... Rd7 42. h5 gxh5 (
42... g5 43. f4 gxf4 44. Bxf4 $18) 43. Rxh6+ Kg7 44. Rxh5 $16) 42. h5 $1 {
Black's pawn structure on the kingside is now doomed.} gxh5 (42... g5 43. f4
Rc5 44. Be3 Rc3 45. Kf2 $18) 43. Rxh6+ Kg7 44. Rxh5 c5 (44... Nb6 45. Kf3 $16)
45. Kf3 $1 c4 46. Be3 e6 (46... c3 47. Rh4 $1 Kg8 48. Rc4 $18) 47. Rh4 Ne7 (
47... Rxe5 $2 48. Bd4 $18) 48. Rxc4 Ng6 49. Bd4 {Hecht,Hj: 'und Sxe5 scheitert
an der Läuferfesselung.'} (49. Bd4 Nxe5+ 50. Ke4 Kf6 51. Bc3 $1 Rb5 52. f4 $18)
1-0

[Event "Hoogovens"]
[Site "Wijk aan Zee"]
[Date "1999.01.30"]
[Round "12"]
[White "Kasparov, Garry"]
[Black "Svidler, Peter"]
[Result "1-0"]
[WhiteElo "2812"]
[BlackElo "2713"]
[Annotator "Ftacnik,L"]
[PlyCount "61"]
[EventDate "1999.01.16"]
[EventType "tourn"]
[EventRounds "13"]
[EventCountry "NED"]
[EventCategory "17"]
[SourceTitle "CBM 069"]
[Source "ChessBase"]
[SourceDate "1999.04.01"]
[SourceVersion "1"]
[SourceVersionDate "1999.04.01"]
[SourceQuality "1"]

{[%mdl 1]} 1. d4 Nf6 2. c4 g6 3. Nc3 d5 4. Nf3 Bg7 5. Qb3 dxc4 6. Qxc4 O-O 7.
e4 a6 8. e5 b5 9. Qb3 Nfd7 10. e6 fxe6 11. Be3 (11. h4 Nf6 12. Be3 Qd6 $1 13.
Ng5 Nc6 14. O-O-O Na5 15. Qc2 Bb7 16. h5 b4 17. Na4 b3 $1 18. axb3 Bd5 19. Nc5
Rab8 $17 {Alexandria,N-An Yangfeng/Dubai olw/1986/ (19)}) (11. Qxe6+ Kh8 12.
Qe4 (12. Ng5 c5 (12... Qe8 13. Qe4 Ra7 14. Bd3 e5 15. O-O exd4 16. Qh4 Nf6 17.
Nd5 c6 18. Nf4 Kg8 19. Nxh7 Nxh7 20. Bxg6 Bf6 21. Qg3 Qe5 {0-1 Palacios,
B-McTavish,D/Toronto/1992/ (29)}) 13. dxc5 Nxc5 14. Nf7+ Rxf7 15. Qxf7 Nc6 16.
Be3 Be6 17. Qf4 Be5 18. Qf3 Nb4 19. Qd1 Ncd3+ 20. Bxd3 Nxd3+ 21. Kf1 Nxb2 22.
Qxd8+ Rxd8 {1/2-1/2 Mirzoev,A-Sideif Sade,F/Baku/1997/ (50)}) 12... Nb6 13. Qh4
(13. Be2 Bf5 14. Qh4 Nc6 15. Bh6 e5 16. Ng5 Bxh6 17. Qxh6 Qe7 18. dxe5 Nd4 19.
Rd1 c5 20. Rd2 b4 21. Nd1 Nd5 {0-1 Portisch,L-Adorjan,A/Amsterdam/1971/ (59)})
13... Nc6 (13... Rxf3 14. gxf3 Nc6 15. Bh6 Bf6 16. Bg5 Bxd4 17. O-O-O b4 18.
Be3 Bxe3+ 19. fxe3 Qg8 20. Qe4 bxc3 21. Qxc6 cxb2+ 22. Kb1 {1-0 Rajkovic,
D-Zakic,S/Tivat/1995/ (35)}) 14. Bh6 (14. Bd3 $5 Rxf3 $8 (14... e5 15. Bg5 (15.
Ng5 h6 16. Be4 $1 Qd6 17. Nf3 $36) 15... Qe8 16. O-O exd4 17. Rae1 Qf7 18. Be4
Bd7 19. Bxc6 Bxc6 20. Nxd4 Qc4 21. Nxc6 Qxc6 {0-1 Pereyra Arcija,D-Hoffman,A/
Villa Martelli 1997/ (65)}) 15. gxf3 (15. Bxg6 $2 Qg8 16. gxf3 Bf6 $19) 15...
Nxd4 16. Be4 $8 Bf5 $1 17. Be3 $8 c5 (17... e5 $1 18. Qxd8+ Rxd8 19. O-O-O c5
20. f4 $6 (20. Kb1 b4 21. Ne2 Rf8 $5 $13 {<=>}) 20... b4 21. Bxf5 gxf5 {
Stohl,I-Ruck,R/HUN/1997/ (21)}) 18. Bxd4 $1 (18. O-O-O $5 b4 19. Bxd4 cxd4 20.
Bxf5 gxf5 21. Ne2 d3 22. Kb1 (22. Qxb4 $5) 22... Na4 23. Nf4 Nc3+ 24. bxc3 bxc3
25. Ng6+) 18... cxd4 19. Rd1 Rc8 20. Rg1 Bf6 21. Qh6 Bg7 22. Qh4 Bf6 23. Qh6
Bg7 {1/2-1/2 Karpov,A-Kamsky,G/Elista (m/5) 1996/ (23)}) 14... e5 (14... Bf5
15. Bxg7+ Kxg7 16. Be2 Qd6 17. O-O Rad8 18. Rfd1 Qf6 19. Qxf6+ Rxf6 20. Rac1
Rfd6 21. d5 Nb4 {1/2-1/2 Ostenstad,B-Sigfusson,S/Reykjavik 1988/ (49)}) 15.
Qxd8 Rxd8 16. Bxg7+ Kxg7 17. Nxe5 Nxd4 18. O-O-O Bb7 (18... Be6 $11) 19. f3 c5
{1/2-1/2 Bronstein,D-Pein,M/Wrexham 1995/ (19)}) 11... Nb6 12. h4 Nc6 (12...
Nd5 13. h5 Nxe3 14. fxe3 c5 15. hxg6 hxg6 16. Qc2 e5 17. dxc5 Bf5 18. e4 Bg4
19. Be2 Bxf3 20. gxf3 Nc6 {0-1 Levtchouk,G-Duong Thanh Nha/Quebec 1992/ (31)})
13. h5 Rxf3 (13... Nxd4 14. Nxd4 Bxd4 15. hxg6 hxg6 (15... Bxe3 16. gxh7+ Kh8
17. fxe3 Qd6 18. Ne4 $16) 16. Rd1 c5 17. Bxd4 (17. Rh4 Bxe3 18. Rxd8 Bxf2+ 19.
Ke2 Bxh4 20. Rxf8+ Kxf8 21. Ne4 $13) 17... cxd4 18. Qc2 $1 (18. Nxb5 $6 axb5
19. Qh3 Kf7 20. Qh7+ Kf6 $17) (18. Rh4 Qe8 19. Rdxd4 Qf7 20. f3 $14) 18... Rf5
19. Qd2 e5 20. Qh6 Qd6 21. Bd3 $16) 14. gxf3 Nxd4 (14... Bxd4 15. hxg6 hxg6 16.
Rd1 $16) 15. Rd1 $1 {[%mdl 4] Kasparov was very proud of this game, he
considered it to be his best achievement in Wijk. This idea was surely
prepared at home, black is in grave danger.} c5 (15... Nxf3+ $2 16. Ke2 Nd4+
17. Bxd4 Bxd4 18. hxg6 hxg6 19. Qc2 Kg7 20. Rg1 $18) 16. Bxd4 cxd4 (16... Bxd4
17. hxg6 hxg6 18. Rg1 Qe8 19. Bd3 $18) 17. hxg6 h6 (17... hxg6 18. Rg1 $1 Nd5 (
18... Qe8 19. Ne2 Qf7 20. Nxd4 $18) 19. Nxd5 (19. Ne2 e5 20. f4 Bf5 $16) 19...
exd5 20. Rxg6 e5 21. Bd3 $16) 18. Rh5 $1 {xd5 This move is very profound, the
central square d5 is not accessible for black.} (18. Bg2 $6 Nc4 19. f4 Ra7 $14)
18... Qe8 (18... Qc7 19. Ne2 Qd6 20. Nxd4 $1 Bxd4 21. Rh4 Qe5+ 22. Re4 Bxf2+
23. Kxf2 $18) (18... Kh8 19. Ne2 e5 20. Qf7 Qg8 21. Qxe7 $18) 19. Ne2 Qxg6 20.
Rh1 Kh8 (20... Bb7 21. Rg1 Qf6 22. Nxd4 Bd5 23. Qe3 Bxa2 24. Bh3 $18) 21. Rg1
Qf7 (21... Qf6 22. Rxd4 Bb7 23. Rdg4 Bd5 24. Qd3 Rg8 25. Nf4 $18) 22. Nxd4 Nd5
23. Qd3 (23. Bh3 Nf4 $16) 23... Bd7 (23... e5 24. Nxb5 Bb7 25. Na3 Nf4 26. Qe3
$18) 24. Qe4 Rc8 (24... Rg8 25. Bd3 Nf6 26. Qg6 $16) 25. Bd3 {Black had
finally developed all his pieces, but he has only one pawn for the sacrificed
exchange and his king is under attack.} Nf6 (25... Qg8 26. Rg6 Nf6 27. Qh4 Qf7
28. Ke2 e5 29. Rxh6+ Bxh6 30. Qxh6+ Nh7 31. Rh1 exd4 32. Bxh7 Qe6+ 33. Qxe6
Bxe6 34. Bf5+ Kg7 35. Bxe6 $18) 26. Qh4 Rc5 27. Ne2 $1 Nd5 (27... e5 28. Nc3 $1
Bc6 29. Qb4 $18) 28. Rg6 Qf8 (28... Be8 29. Rxh6+ $1 Bxh6 (29... Kg8 30. Bg6
Qxg6 31. Rxg6 Bxg6 32. Nd4 $18) 30. Qxh6+ Kg8 31. Kd2 Qg7 32. Rg1 $18) 29. Qe4
Qf7 (29... Nf6 $2 30. Rxf6 $18) (29... Bxb2 30. Rxe6 $1 Qg7 31. Rg6 $18) 30.
Kd2 $1 Nf6 31. Qe3 {Black surprisingly resigned, but the doubling of white
rook along the g file is decisive.} (31. Qe3 Rh5 (31... Rg5 32. Rxg5 hxg5 33.
Rh1+ Kg8 34. Qxg5 $18) 32. Rdg1 Bf8 33. Nf4 Rh2 34. R6g3 $18) 1-0

[Event "Moscow4"]
[Site "Moscow"]
[Date "1992.??.??"]
[Round "?"]
[White "Piesina, Gintautas"]
[Black "Baikov, Vladimir A"]
[Result "1/2-1/2"]
[WhiteElo "2415"]
[BlackElo "2345"]
[Annotator "Ftacnik,L"]
[PlyCount "64"]
[EventDate "1992.??.??"]
[EventType "tourn"]
[EventRounds "11"]
[EventCountry "RUS"]
[EventCategory "7"]
[SourceTitle "CBM 030"]
[Source "ChessBase"]
[SourceDate "1992.10.01"]
[SourceVersion "1"]
[SourceVersionDate "1992.10.01"]
[SourceQuality "1"]

1. d4 Nf6 2. c4 g6 3. Nc3 d5 4. Nf3 Bg7 5. Qb3 dxc4 6. Qxc4 O-O 7. e4 Na6 8.
Be2 c5 9. d5 e6 10. O-O exd5 11. exd5 b6 12. Rd1 Nb4 13. a3 (13. Qh4 Nc2 14.
Rb1 Bf5 15. Bg5 Nd4 16. Nxd4 cxd4 17. Ne4 Bxe4 18. Bxf6 Qxd5 19. Rxd4 Qxa2 $17
{Sarno,S-Horvath,Jo/Mitropa Cup/1990/}) 13... Nc2 {N} (13... Ba6 14. Qb3 Bxe2
15. Nxe2 Nbxd5 16. Nf4 c4 17. Qxc4 Qc7 18. Qxc7 Nxc7 19. Be3 Rfd8 20. Ne5 Ne4
21. Nc6 Rxd1+ 22. Rxd1 Bxb2 23. Rd7 Ne8 24. Rxa7 $10 {Tukmakov,V-Chiburdanidze,
M/Biel/1988/}) 14. Rb1 Bf5 15. Bd3 Nd4 $1 16. Nxd4 (16. Bxf5 Nxf5 17. Bg5 Nd6
18. Qh4 h6 $1 $10) 16... cxd4 17. Bxf5 (17. Qxd4 Ne4 18. Qc4 Nxc3 19. bxc3 Rc8
$15) 17... dxc3 18. Bh3 (18. Bc2 Rc8 19. Qb3 Nd7 $132) 18... cxb2 19. Bxb2 Qd6
20. g3 Rfd8 21. a4 Nd7 (21... Nxd5 $2 22. Bxg7 Kxg7 23. Bg2 $18) 22. Bxd7 Rxd7
23. Bxg7 Kxg7 24. a5 bxa5 25. Ra1 Qb4 26. Qd4+ Qxd4 27. Rxd4 Kf6 28. Rxa5 Ke5
29. Rd3 Rad8 30. Re3+ Kf6 31. Ra6+ Kg7 32. Rd3 Rxd5 {Ftacnik,L} 1/2-1/2